书目信息 |
| 题名: |
ASP.NET编程实战宝典
|
|
| 作者: | 郭颂 , 明廷堂 , 郭立新 编著 | |
| 分册: | ||
| 出版信息: | 北京 清华大学出版社 2014.09 |
|
| 页数: | XXV, 809页 | |
| 开本: | 26cm | |
| 丛书名: | 开发宝典丛书 | |
| 单 册: | ||
| 中图分类: | TP393.092.2 , TP393.092 | |
| 科图分类: | ||
| 主题词: | 网页制作工具--wang ye zhi zuo gong ju--程序设计 | |
| 电子资源: | ||
| ISBN: | 978-7-302-34794-1 | |
| 000 | 01096nam 2200301 450 | |
| 001 | CAL 0120141359929 | |
| 005 | 20160111093521.85 | |
| 010 | @a978-7-302-34794-1@dCNY99.80 (含光盘) | |
| 010 | @a978-7-89395-065-0@b光盘 | |
| 100 | @a20151221d2014 em y0chiy50 ea | |
| 101 | 0 | @achi |
| 102 | @aCN@b110000 | |
| 105 | @aak z 000yy | |
| 200 | 1 | @aASP.NET编程实战宝典@AASP.NET bian cheng shi zhan bao dian@f郭颂, 明廷堂, 郭立新等编著 |
| 210 | @a北京@c清华大学出版社@d2014.09 | |
| 215 | @aXXV, 809页@c图@d26cm@e光盘1片 | |
| 225 | 2 | @a开发宝典丛书@Akai fa bao dian cong shu |
| 330 | @a本书共27章, 介绍了.NET基础、C 语法、面向对象编程和ASP.NET网页代码模型 ; 基础控件和高级控件的使用 ; SQL Server基础、ADO.NET、数据控件等。 | |
| 410 | 0 | @12001 @a开发宝典丛书 |
| 606 | 0 | @a网页制作工具@Awang ye zhi zuo gong ju@x程序设计 |
| 610 | 0 | @aASP.NET |
| 690 | @aTP393.092.2@v5 | |
| 690 | @aTP393.092@v4 | |
| 701 | 0 | @a郭颂@Aguo song@4编著 |
| 701 | 0 | @a明廷堂@Aming ting tang@4编著 |
| 701 | 0 | @a郭立新@Aguo li xin@4编著 |
| 801 | 0 | @aCN@bZZRC@c20151221 |
| 905 | @a241430@dTP393.092@eG832@f3 | |
| ASP.NET编程实战宝典/郭颂, 明廷堂, 郭立新等编著.-北京:清华大学出版社,2014.09 |
| XXV, 809页:图;26cm+光盘1片.-(开发宝典丛书) |
| ISBN 978-7-302-34794-1:CNY99.80 (含光盘) |
| 本书共27章, 介绍了.NET基础、C 语法、面向对象编程和ASP.NET网页代码模型 ; 基础控件和高级控件的使用 ; SQL Server基础、ADO.NET、数据控件等。 |
| ● |
| 相关链接 |
|
|
|
正题名:ASP.NET编程实战宝典
索取号:TP393.092/G832
 
预约/预借
| 序号 | 登录号 | 条形码 | 馆藏地/架位号 | 状态 | 备注 |
| 1 | 1228300 | 212283009 | 自科库301/301自科库 125排2列6层/ [索取号:TP393.092/G832] | 在馆 | |
| 2 | 1228301 | 212283018 | 自科二线404/404自科库 12排1列6层/ [索取号:TP393.092/G832] | 在馆 | |
| 3 | 1228302 | 212283027 | 自科库301/301自科库 125排2列6层/ [索取号:TP393.092/G832] | 在馆 | |
| 4 | 1235531 | 212355315 | 计算机与数据科学学院资料室/ [索取号:TP393.092/G832] | 在馆 |